000 00701nam a2200193Ia 4500
001 3199
003 GE_BSU
008 181216s||||||||xx |||||||||||||| ||und||
040 _cGE_BSU
080 _a91(030)=161.1
245 _aКраткая географическая энциклопедия.=Энциклопедии,словари,справочники.Т.1. Ааре-Дятьково.
245 _cГл.РЕд. А.А.Григорьев.
260 _aМ.
260 _bСоветская энциклопедия.
260 _c1960.
300 _a562 стр. с илл. и карт. 26см
653 _aКраткая географическая энциклопедия.
942 _cBK
999 _c37240
_d37240